But will we like it? (Record no. 71520)

MARC details
000 -LEADER
fixed length control field 01350cam a2200229 4500
001 - CONTROL NUMBER
control field ABS66074
008 - FIXED-LENGTH DATA ELEMENTS--GENERAL INFORMATION
fixed length control field 021105n2002 000 0 eng u
035 ## - SYSTEM CONTROL NUMBER
System control number (Sirsi) u120368
100 ## - MAIN ENTRY--PERSONAL NAME
Personal name Peace, L
245 ## - TITLE STATEMENT
Title But will we like it?
260 ## - PUBLICATION, DISTRIBUTION, ETC.
Date of publication, distribution, etc. 2002
490 ## - SERIES STATEMENT
Series statement Estates Gazette
Volume/sequential designation (0240) 5 October 2002, 158-159(2)
520 ## - SUMMARY, ETC.
Summary, etc. The last in a four part series on the new voluntary code of practice for commercial leases considers how the code will be judged and what the property industry can do to ensure it succeeds. Highlights three sources of evidence to evaluate the code: research carried out by the University of Reading; customer complaints gathered by RICS; and stakeholder evidence. Suggests that landlords should advertise their support of the code in their paper work and emphasises the role of the internet to publicise the code and monitor its effectiveness. Concludes that the industry should work towards compliance by December 2003. Includes case study of how Hermes Property Asset Management is publicising the code to its clients. Code available at www.commercialleasecodeew.co.uk
590 ## - LOCAL NOTE (RLIN)
Local note ABS
650 ## - SUBJECT ADDED ENTRY--TOPICAL TERM
Topical term or geographic name entry element COMMERCIAL LEASES
650 ## - SUBJECT ADDED ENTRY--TOPICAL TERM
Topical term or geographic name entry element CODE OF PRACTICE
650 ## - SUBJECT ADDED ENTRY--TOPICAL TERM
Topical term or geographic name entry element PUBLICITY
650 ## - SUBJECT ADDED ENTRY--TOPICAL TERM
Topical term or geographic name entry element COMPLIANCE
650 ## - SUBJECT ADDED ENTRY--TOPICAL TERM
Topical term or geographic name entry element PROPERTY INDUSTRY
690 ## - LOCAL SUBJECT ADDED ENTRY--TOPICAL TERM (OCLC, RLIN)
Topical term or geographic name as entry element LANDLORD AND TENANT-BUSINESS TENANCIES
942 ## - ADDED ENTRY ELEMENTS (KOHA)
Suppress in OPAC 0
Holdings
Withdrawn status Lost status Source of classification or shelving scheme Damaged status Not for loan Home library Current library Shelving location Date acquired Total Checkouts Full call number Barcode Date last seen Copy number Price effective from Koha item type
    Dewey Decimal Classification     London London Journal article 05/11/2002   ABS66074 120368-1001 06/08/2019 1 06/08/2019 Journal article